000 00406nam a2200145Ia 4500
008 230411s9999 xx 000 0 und d
020 _a978-93-5152-590-5
041 _aeng
082 _aA/611/SIN/B08926
100 _aSingh Inderbir
245 _aHandbook of Anatomy and Physiology for Nurses
260 _bJaypee Brothers
_aNew Delhi
_c2015
300 _a604p
999 _c158316
_d158316